« Retourner aux résultats de recherche
Mon midi, mon minuit
| Auteur principal: | Anna McPartlin Auteur du texte |
|---|---|
| D'autres auteurs: | Valérie Le Plouhinec |
| Support: | Livres |
| Langue: | Francais |
| Publié: |
2017 Cherche Midi Paris |
| Genre: |
Roman |
| Sujets: | |
| Étiquettes: |
Ajouter
Pas de Tags !
|
| LEADER | 00907nam0a2200181 450 | ||
|---|---|---|---|
| 001 | 16827470 | ||
| 010 | |a 978-2-7491-5488-6 |b Br. |d 21 | ||
| 100 | |a 20170516d2017 u u0frey01 ba | ||
| 101 | 1 | |a fre |c | |
| 200 | 0 | |a Mon midi, mon minuit |f Anna McPartlin |g trad. Valérie Le Plouhinec | |
| 207 | 1 | |a | |
| 210 | |a Paris |c Cherche Midi |d 2017 | ||
| 330 | |a À la suite d'un drame, le monde d'Emma, jusque-là rempli de promesses, s'effondre. La jeune femme plonge dans le désespoir. Ses amis font alors bloc autour d'elle pour tenter de lui redonner le goût de vivre... Comment survivre à la perte et au chagrin ? Quel courage l'existence peut-elle parfois exiger de nous ? | ||
| 700 | 0 | |a McPartlin |b Anna |c Auteur du texte |4 70 | |
| 702 | 0 | |a Le Plouhinec |b Valérie |4 730 | |
| 900 | |a Roman | ||
| 901 | |a Accessible au prêt | ||
| 995 | |a Bibliothèque |c Bibliothèque |f 024017956 |h 024017956 |k R McP |o p |q a |r az |e Bibliothèque | ||
